Velký česko-německý slovník z oblasti veřejné správy
Saved in:
| Main Author | |
|---|---|
| Format | Book |
| Language | Czech German |
| Published |
Praha :
Linde,
2011
|
| Subjects | |
| ISBN | 9788072018369 978-6543-21-012-3 |
| Physical Description | 495 s. ; 21 cm |
| LEADER | 00000cam a2200000 a 4500 | ||
|---|---|---|---|
| 001 | 59952 | ||
| 003 | CZ-ZlUTB | ||
| 005 | 20240829144111.0 | ||
| 007 | ta | ||
| 008 | 110128s2011 xr e d 000 0 cze | ||
| 015 | |a cnb002163673 | ||
| 020 | |a 9788072018369 |q (váz.) |z 978-6543-21-012-3 | ||
| 035 | |a (OCoLC)707610178 | ||
| 040 | |a BOA001 |b cze |d ABA001 |d ZLD002 | ||
| 041 | 0 | |a cze |a ger | |
| 072 | 7 | |a 35 |x Veřejná správa |2 Konspekt |9 15 | |
| 072 | 7 | |a 81 |x Lingvistika. Jazyky |2 Konspekt |9 11 | |
| 080 | |a 35 |2 MRF | ||
| 080 | |a 811.162.3 |2 MRF | ||
| 080 | |a 811.112.2 |2 MRF | ||
| 080 | |a 81'373.46 |2 MRF | ||
| 080 | |a 81'374.8-022.215 |2 MRF | ||
| 080 | |a (038)81 |2 MRF | ||
| 100 | 1 | |a Kaňa, Antonín, |d 1947- |7 mzk2005312762 |4 aut | |
| 245 | 1 | 0 | |a Velký česko-německý slovník z oblasti veřejné správy / |c Antonín Kaňa |
| 246 | 3 | |a Česko-německý slovník pro veřejnou správu | |
| 246 | 3 | 0 | |a Česko-německý slovník z oblasti veřejné správy |
| 246 | 1 | 4 | |a Velký česko-německý slovník pro veřejnou správu |
| 260 | |a Praha : |b Linde, |c 2011 | ||
| 300 | |a 495 s. ; |c 21 cm | ||
| 504 | |a Obsahuje bibliografii | ||
| 650 | 0 | 7 | |a veřejná správa |7 ph127076 |2 czenas |
| 650 | 0 | 7 | |a čeština |7 ph135292 |2 czenas |
| 650 | 0 | 7 | |a němčina |7 ph115512 |2 czenas |
| 650 | 0 | 7 | |a oborová terminologie |7 ph138998 |2 czenas |
| 650 | 0 | 9 | |a public administration |2 eczenas |
| 650 | 0 | 9 | |a Czech language |2 eczenas |
| 650 | 0 | 9 | |a German language |2 eczenas |
| 650 | 0 | 9 | |a terminology (professional) |2 eczenas |
| 655 | 7 | |a dvojjazyčné překladové slovníky |7 fd208746 |2 czenas | |
| 655 | 7 | |a terminologické slovníky |7 fd202538 |2 czenas | |
| 655 | 9 | |a bilingual translation dictionaries |2 eczenas | |
| 655 | 9 | |a terminological dictionaries |2 eczenas | |
| 910 | |a ZLD002 | ||
| 952 | |0 0 |1 0 |4 0 |6 35KAŇAA |7 0 |8 BOOK |9 109682 |a UTBZL |b UTBZL |c 005 |d 2011-05-25 |l 0 |o 35/KAŇA,A. |p 420010138067 |r 2019-08-26 00:00:00 |v 875.00 |w 2019-08-26 |x N:nákup; |y 01 | ||
| 992 | |a BK |b SK | ||
| 901 | |a ISBN 978-6543-21-012-3 |b 9788072018369 |f [1. vyd.] |g Chybné ISBN uvedeno na rubu titulního listu - nesmyslné |o 20110502 | ||
| 998 | |a 002163673 | ||
| 999 | |c 59952 |d 59952 | ||